| 000 | 00775nam a2200229Ia 4500 | ||
|---|---|---|---|
| 003 | GCL | ||
| 005 | 20240530103844.0 | ||
| 008 | 140319s9999 xx 000 0 ara d | ||
| 040 |
_aGCL / _cGCL |
||
| 082 | 0 | 4 |
_a811.009 _bع خ |
| 100 | 0 | _aعبدالله سرور عبدالله | |
| 245 | 1 | 0 |
_aخليل شيبوب رائد التجديد الشعرى / _cعبدالله سرور عبدالله |
| 260 |
_aالقاهرة : _bدار المعرفة الجامعية، _c1996 |
||
| 300 | _a277 ص. | ||
| 490 |
_aكتاب _v0 |
||
| 650 | 0 | 4 | _aالشعر العربى |
| 650 | 0 | 4 | _aالادب العربى |
| 650 | 0 | 4 | _aالعصر الحديث |
| 650 | 0 | 4 | _aالشعر العربى - تاريخ ونقد |
| 650 | 0 | 4 | _aشعراء العرب - تراجم |
| 942 |
_2ddc _cBK |
||
| 999 |
_c42999 _d42999 |
||